CRC handbook of chemistry and physics: a ready reference book of chemical and physical data ed by David R Lide (Record no. 1214609)

MARC details
000 -LEADER
fixed length control field 01187nam a2200301Ia 4500
003 - CONTROL NUMBER IDENTIFIER
control field OSt
005 - DATE AND TIME OF LATEST TRANSACTION
control field 20221007125054.0
008 - FIXED-LENGTH DATA ELEMENTS--GENERAL INFORMATION
fixed length control field 221006b |||||||| |||| 00| 0 eng d
020 ## - INTERNATIONAL STANDARD BOOK NUMBER
International Standard Book Number 084930475X (hbd)
037 ## - SOURCE OF ACQUISITION
Terms of availability Textual
040 ## - CATALOGING SOURCE
Original cataloging agency CDL
Transcribing agency CDL
Language of cataloging eng
041 ## - LANGUAGE CODE
Source of code eng
Language code of text/sound track or separate title eng
100 ## - MAIN ENTRY--PERSONAL NAME
Personal name Lide David R Ed
245 #0 - TITLE STATEMENT
Title CRC handbook of chemistry and physics: a ready reference book of chemical and physical data ed by David R Lide
Remainder of title Frederikse H P R Ed
250 ## - EDITION STATEMENT
Edition statement Ed 75
260 ## - PUBLICATION, DISTRIBUTION, ETC.
Place of publication, distribution, etc. Boca
Name of publisher, distributor, etc. Raton CRC Press
Date of publication, distribution, etc. 1994
490 ## - SERIES STATEMENT
Volume/sequential designation Associate editor is H P R Frederikse
500 ## - GENERAL NOTE
General note ^mPurchase^n23/CSL/Carc/Sap-E/94-95/2444^d1995-03-14; ; 94-95/660^b1995-03-21^c13648/94-95^d1995-03-15^eEducational Book Agency (India)^g1995-03-20^h1995-03-21^k1995-03-24; ; 1995-03-24^bSB^c1995-04-05^dSB
650 ## - SUBJECT ADDED ENTRY--TOPICAL TERM
Topical term or geographic name entry element Handbook
9 (RLIN) 279951
650 ## - SUBJECT ADDED ENTRY--TOPICAL TERM
Topical term or geographic name entry element Chemistry and Physics
9 (RLIN) 721463
700 ## - ADDED ENTRY--PERSONAL NAME
Personal name Frederikse H P R Ed
9 (RLIN) 721464
942 ## - ADDED ENTRY ELEMENTS (KOHA)
Classification part E0aCg, L8;N4
Koha item type Textual
Source of classification or shelving scheme Colon Classification (CC)
Holdings
Withdrawn status Lost status Source of classification or shelving scheme Damaged status Not for loan Home library Current library Date acquired Source of acquisition Serial Enumeration / chronology Total Checkouts Full call number Barcode Date last seen Price effective from Koha item type
    Colon Classification (CC)     Department of Chemistry Library Department of Chemistry Library 2022-10-07 Educational, Associate editor is H P R Frederikse   E0aCg L8;N4 CD0006118 2022-10-07 2022-10-07 Textual
Copyright @ Delhi University Library System